| 000 | 00572nam a2200193Ia 4500 | ||
|---|---|---|---|
| 008 | 151119s9999||||xx |||||||||||||| ||und|| | ||
| 082 | _a954.03जोग/टिपूस | ||
| 082 | _bGKKV22126 | ||
| 100 | _aजोग ब ना | ||
| 245 | _aटिपू सुलतान | ||
| 260 | _aमुंबई | ||
| 260 | _bआदित्य प्रकाशन | ||
| 260 | _c2014 | ||
| 600 | _aजोग ब ना | ||
| 630 | _aटिपू सुलतान | ||
| 700 | _aजोग ब ना | ||
| 730 | _aटिपू सुलतान | ||
| 942 | _cBOOK | ||
| 999 |
_c1074879 _d1074876 |
||